History of the primates

Сохранить в:
Библиографические подробности
Главный автор: Clark, W. E (Автор)
Формат:
Язык:английский
Опубликовано: Londres The Trustees of the British Museum 1960
Редактирование:7a. ed
Предметы:
Метки: Добавить метку
Нет меток, Требуется 1-ая метка записи!

MARC

LEADER 00000nam a2200000 a 4500
001 UCP7523
003 CL-VaPUC
008 991217e19600000UK |||||||||||||||||eng|d
082 0 4 |a 599.8  |b CLA  |2 21 
100 0 |a Clark, W. E  |e author  |9 436940 
245 1 0 |a History of the primates 
250 |a 7a. ed 
300 |a 119 p 
942 |c BK 
945 |d 19991217 00:00:00  |a rherrera 
260 |a Londres  |b The Trustees of the British Museum  |c 1960 
650 7 |a PRIMATES  |2 CL-VaPUC  |9 334898 
650 0 |a Historia natural   |9 268584 
650 7 |a FOSILES  |2 CL-VaPUC  |9 370434 
650 0 |a Evolución humana   |9 266935 
650 0 |a Anatomía animal  |9 338540 
583 |a last modification  |c 19991217 00:00:00  |k Rodrigo Vera 
999 |c 284646  |d 284644 
952 |0 0  |1 0  |4 0  |6 599_800000000000000_CLA_1960  |7 0  |8 A  |9 328805  |a BIBHIS  |b BIBHIS  |d 2019-11-20  |i 1378589  |o 599.8 CLA 1960  |p 1378589  |r 2025-01-20  |w 2019-11-20  |y BK  |k HIS